Gospodarka narodowa

Uložené v:
Podrobná bibliografia
Médium: Seriál
Jazyk:Polish
Vydavateľské údaje: Warszawa Instytut rozwoju i studiow strategicznychodowej 1995
Predmet:
Tagy: Pridať tag
Žiadne tagy, Buďte prvý, kto otaguje tento záznam!

MARC

LEADER 00000nas2a2200000 4500
001 s102281
005 20180122104527.7
022 |a 8067-0005 
041 0 |a pol 
044 |a PL 
245 1 0 |a Gospodarka narodowa 
264 1 |a Warszawa  |b Instytut rozwoju i studiow strategicznychodowej  |c 1995 
300 |a 2 zv. 
773 0 |w eu_un_cat*s120193 
610 2 0 |a politika hospodárska